El nacimiento del dragón /
Guardado en:
| Autor Principal: | |
|---|---|
| Otros Autores: | , |
| Formato: | Libro |
| Publicado: |
Buenos Aires :
Kalandraka,
2014.
|
| Materias: | |
| Etiquetas: |
Agregar Etiqueta
Sin Etiquetas, Sea el primero en etiquetar este registro!
|
| LEADER | 00801nam a22002535a 4500 | ||
|---|---|---|---|
| 001 | CEM.cems019975 | ||
| 008 | 230410s2014##################000#0#####d | ||
| 005 | 20230410124720.0 | ||
| 245 | 1 | 0 | |a El nacimiento del dragón / |c Wang Fei y Marie Sellier ; ilustrado por Catherine Louis. |
| 260 | |a Buenos Aires : |b Kalandraka, |c 2014. | ||
| 300 | |a 36 p. | ||
| 500 | |a Historia, caligrafías y sellos por Wang Fei. | ||
| 500 | |a Texto de Marie Sellier. | ||
| 020 | |a 9789871217625 | ||
| 100 | 1 | |a Fei, Wang. | |
| 700 | 1 | |a Louis, Catherine. | |
| 700 | 1 | |a Marie Sellier. | |
| 082 | 0 | 4 | |a 895.7 |
| 653 | |a Literatura | ||
| 653 | |a Literatura coreana | ||
| 653 | |a Literatura infantil | ||
| 653 | |a Cuentos infantiles | ||
| 653 | |a Libro albúm | ||
| 859 | |a CEMS |b BIB. CEMS - Inicial y Primaria |h 895.7 |i F323 |k IP |p 5482 |t Ej.1 | ||
